Začali sme nakupovať vo veľkom
Tržby v maloobchode vo februári rástli najviac za posledné necelé dva roky. Pokles inflácie a rast reálnych miezd bude znamenať vyššiu kúpyschopnosť v tomto roku. Na vyššej spotrebe sa to však zatiaľ neprejaví, kým ľudia nedoplnia úspory.
Salvato in:
| Autore principale: | |
|---|---|
| Natura: | Capitolo di libro |
| Lingua: | slovacco |
| Soggetti: | |
| Tags: |
Nessun Tag, puoi essere il primo ad aggiungerne!!
|
MARC
| LEADER | 00000naa a2200000 4500 | ||
|---|---|---|---|
| 001 | 0300235 | ||
| 005 | 20240502114553.7 | ||
| 041 | 0 | |a slo | |
| 044 | |a SK | ||
| 245 | 1 | 0 | |a Začali sme nakupovať vo veľkom |c Martin Laczko |
| 520 | |a Tržby v maloobchode vo februári rástli najviac za posledné necelé dva roky. Pokles inflácie a rast reálnych miezd bude znamenať vyššiu kúpyschopnosť v tomto roku. Na vyššej spotrebe sa to však zatiaľ neprejaví, kým ľudia nedoplnia úspory. | ||
| 610 | 2 | 0 | |a tržby |
| 610 | 2 | 0 | |a maloobchod |
| 610 | 2 | 0 | |a kúpyschopnosť |
| 610 | 2 | 0 | |a nákup |
| 610 | 2 | 0 | |a spotreba domácností |
| 100 | 1 | |a Laczko, Martin | |